[Event "Championnat fermé de l'Outaouais"]
[Site "Gatineau"]
[Date "2016.04.12"]
[Round "1"]
[White "Akrib, Fouad"]
[Black "Raymond, Daniel"]
[Result "1-0"]
[BlackELO "1757"]
[BlackElo "1757"]
[EventDate "2016.04.12"]
[WhiteELO "1967"]
[WhiteElo "1967"]

1.d4 d5 2.Bf4 { De Fouad, on s'attend en général à Fg5. } 2...Nf6 3.e3 e6
4.Nf3 Be7 5.Nbd2 O-O 6.Ne5 c5 7.c3 Nc6 8.Bd3 Re8 9.g4
{ On reconnaît bien le style ! } 9...Nd7 10.Qf3 Ncxe5 11.dxe5 Nf8 12.h4 Bd7
13.g5 Bc6 $6 ( 13...Qb6 $5 ) ( 13...c4 $5 ) 14.Qg3 ( 14.h5 $5 Bxg5 15.Rg1 )
14...d4 15.Be4 dxc3 16.bxc3 Bxe4 17.Nxe4 Qd3 18.Nf6+ Bxf6 19.gxf6 Qg6 $2 ( 
19...Qxc3+ 20.Ke2 Qc2+ 21.Kf3 Qg6 22.fxg7 Nd7 23.Rad1 Qxg3+ 24.Kxg3 Nb6 $10 )
20.Qh2 ( 20.fxg7 Nd7 21.Qxg6 fxg6 22.h5 $1 ) 20...Qh5 21.Rg1 Ng6 $2 ( 
21...g6 { semble être le seul coup qui ne perd pas ici. } ) 22.Rg5 Qxh4 ( 
22...Qf3 23.h5 $1 ) 23.Rxg6 $18 Qxh2 24.Rxg7+ Kh8 25.Bxh2 Rg8 26.Rxg8+ Rxg8
27.Ke2 Rd8 28.Bf4 b5 29.a3 c4 30.a4 a6 31.axb5 axb5 32.Bh6 Rb8 33.e4 Rc8
34.f4 Rg8 35.Bg7+ Rxg7 36.fxg7+ Kxg7 37.Ra5 h5 38.Rxb5 h4 39.Kf3 Kg6 40.Kg4
h3 41.Kxh3 1-0

[Event "Championnat fermé de l'Outaouais"]
[Site "Gatineau"]
[Date "2016.04.12"]
[Round "1"]
[White "Libersan, Mattieu"]
[Black "Gagnon, Fabien"]
[Result "1/2-1/2"]
[BlackElo "2000"]
[EventDate "2016.04.12"]
[WhiteElo "2006"]

1.e4 c5 2.Nf3 Nc6 3.d4 cxd4 4.Nxd4 Nf6 5.Nc3 g6 6.Be2 Bg7 7.Be3 O-O 8.O-O d5
9.exd5 Nxd5 10.Nxd5 Qxd5 11.Nxc6 Qxc6 12.Bf3 Qb5 13.Rb1 Bf5 14.b3 Rfd8 15.Qe2
Qxe2 16.Bxe2 Bxc2 17.Rbc1 Be4 18.Rc7 e6 19.Rfc1 Be5 20.R7c4 Bc6 21.Bf3 Bxf3
22.gxf3 Rd7 23.Rc8+ Rxc8 24.Rxc8+ Kg7 25.Bxa7 Rd2 26.Rc4 Rxa2 27.Be3 Bd6
28.Bd4+ e5 29.Bc3 Kf8 30.Bb4 Bxb4 31.Rxb4 Ra7 32.f4 exf4 33.Rxf4 b5 34.Re4
Re7 35.Rb4 Re5 36.f4 Rd5 37.Re4 f5 38.Re6 Rd3 39.Rb6 Rxb3 40.Rb7 Kg8 41.Kg2
b4 42.h4 Rb1 43.h5 gxh5 44.Rb5 b3 45.Rxf5 b2 46.Rb5 Kf7 47.Kh2 Kf6 48.Kg2 h4
49.Kh2 h3 50.Rb6+ Kf5 51.Rb4 h5 52.Rb5+ Kxf4 53.Rb4+ Ke3 54.Rb3+ Kd2 55.Rb8
Kc3 56.Rc8+ Kd3 57.Rd8+ Kc4 58.Rc8+ Kd5 59.Rd8+ Kc6 60.Rb8 Kd6 61.Rb3 Kc5
62.Rb8 Kd6 63.Rb3 1/2-1/2

[Event "Championnat fermé de l'Outaouais"]
[Site "Gatineau"]
[Date "2016.04.12"]
[Round "1"]
[White "Desjardins, Michel"]
[Black "Rose, Richard M."]
[Result "1/2-1/2"]
[BlackElo "1931"]
[EventDate "2016.04.12"]
[WhiteElo "1909"]

1.e4 c5 2.c3 Nc6 3.d4 cxd4 4.cxd4 d6 5.Nf3 g6 6.d5 Ne5 7.Nxe5 dxe5 8.Nc3 Bg7
( 8...e6 9.Bb5+ Bd7 10.dxe6 fxe6 11.Qb3 $16 ) 9.Be3 Nf6 10.Be2 O-O 11.O-O Bd7
12.Qb3 Qb8 13.Rac1 Rc8 ( 13...e6 14.Bc4 exd5 15.Nxd5 Nxe4 16.Nc7 ) 14.f3 Ne8
15.Bb5 Bxb5 16.Nxb5 a6 17.Rxc8 Qxc8 18.Rc1 Qd7 19.Nc3 b5 20.a4 Nd6 21.Ra1 Nc4
22.Bf2 Rb8 23.axb5 axb5 24.Ra7 Qe8 25.Qb4 Bf8 26.Bc5 Nd6 27.Ra5 Bh6 28.Bxd6
Be3+ 29.Kf1 exd6 30.Rxb5 Rxb5 31.Qxb5 Qa8 32.Qa4 Qb7 33.Qb5 Qa7 34.Nd1 Qa1
35.Qe2 Bd4 36.Ke1 Bb6 37.Qb5 Bd4 38.Qe2 Kg7 39.h3 Qa5+ 40.Qd2 Qa4 41.Qe2 Bb6
42.Qd3 Qa5+ 43.Ke2 Qc5 44.Qe3 Qc2+ 45.Qd2 Qc5 1/2-1/2

[Event "Championnat fermé de l'Outaouais"]
[Site "Gatineau"]
[Date "2016.04.12"]
[Round "1"]
[White "Arsenault, Michel"]
[Black "Scantland, Patrick"]
[Result "1-0"]
[BlackElo "1788"]
[EventDate "2016.04.12"]
[WhiteElo "1851"]

1.e4 c5 2.Nc3 d6 3.f4 g6 4.Nf3 Bg7 5.Bc4 e6 6.O-O Nc6 7.f5 exf5 8.d3 h6 9.Qe1
Nge7 10.exf5 Bxf5 11.g4 Bxg4 12.Bxf7+ Kd7 ( 12...Kxf7
{ est, selon mes moteurs, parfaitement jouable ici. Mais comment ne pas
trembler devant cette alternative ! } 13.Ne5+ Kg8 14.Nxg4 ( 14.Nf7 Qd7 )
14...Qd7 ) 13.Qg3 Bxf3 14.Qxf3 Bd4+ ( 14...Kc7
{ et l'attaque blanche semble terminée. } ) 15.Kh1 Ne5 $4 ( 15...Kc7 $10
16.Nb5+ Kb8 ) 16.Qxb7+ $18 Qc7 17.Be6+ Kd8 18.Qxa8+ Nc8 19.Qxc8+ 1-0

[Event "Championnat fermé de l'Outaouais (Réserve)"]
[Site "Gatineau"]
[Date "2016.04.12"]
[Round "1"]
[White "Jobin, Gilles G."]
[Black "Éthier, Valori"]
[Result "1-0"]
[BlackElo "1363"]
[EventDate "2016.04.12"]
[WhiteElo "1773"]

1.e4 c6 2.d3 d5 3.Nd2 dxe4 4.dxe4 Nf6 5.Ngf3 Bg4 6.Be2 e6 7.O-O Be7 8.Ne5
Bxe2 9.Qxe2 Nbd7 10.Nxd7 Qxd7 11.Nf3 Qc7 12.Bg5 $10
{ une position on ne peut plus «neutre.» } 12...O-O 13.e5 Nd5 14.c4 Bxg5 $2
{ donne un large avantage spatial aux Blancs. } ( 14...Nb6
{ laisse les Blancs avec à peu près rien d'intéressant. } 15.Bxe7 Qxe7
16.Rfd1 Rad8 $10 ) 15.cxd5 Bh6 16.d6 Qa5 17.Rfd1 Rad8 18.Qc4 Rd7 19.Rd3 a6
20.b4 Qb6 21.a4 Rc8 22.Qc5 Qd8 23.a5 Qf8 24.Qc4 Qd8 25.Re1 Rb8 26.g4 Rc8
27.h4 g6 ( { Au post mortem, je croyais que } 27...g5
{ était préférable, mais en fait, c'est pire : } 28.hxg5 $1 Bxg5 29.Kg2
{ suivi d'une attaque catastrophique sur h7 (Th1, De4, etc.) } ) 28.g5 Bg7
29.Qf4 Qf8 30.Nh2 h5 31.Nf3 c5 32.Nd2 ( 32.Rc1 $1 { était meilleur : }
32...cxb4 33.Rxc8 Qxc8 34.Qxb4 { et la menace Tc3 est très forte. } )
32...cxb4 33.Qxb4 Rc2 $2 ( { Il fallait probablement essayer } 33...Rdc7 )
34.Nc4 { menace Db3. } 34...Qa8 35.Nb6 Qa7 36.Qa4 Bxe5 37.Qxc2 Rxd6 38.Rxe5
Rc6 39.Rc5 Qb8 40.Rxc6 bxc6 41.Qxc6 Qe5 42.Qe8+ Kg7 43.Rf3 Qe1+ 44.Kg2 Qe4
45.Qxf7+ 1-0

[Event "Championnat fermé de l'Outaouais (Réserve)"]
[Site "Gatineau"]
[Date "2016.04.12"]
[Round "1"]
[White "Villeneuve, Luc"]
[Black "Clermont, Yves"]
[Result "0-1"]
[BlackElo "1179"]
[EventDate "2016.04.12"]
[WhiteElo "1621"]

1.Nf3 d5 2.c4 c6 3.Qa4 Bd7 4.cxd5 cxd5 5.Qb3 Bc6 6.d4 Nf6 7.Nc3 e6 8.Bf4 Bd6
9.Be5 O-O 10.O-O-O { Cela s'appelle ne pas avoir froid aux yeux ! } 10...a5
$6 ( 10...Ng4 $1 $17 ) 11.e4 ( 11.Bxd6 Qxd6 12.Qc2
{ et les Blancs devront prendre leur mal en patience. } ) 11...Nxe4 12.Nxe4
dxe4 $19 13.d5 exf3 14.dxc6 Qg5+ 15.Kb1 Qxe5 16.Qxb7 Qe4+ 17.Bd3 Qxc6 18.Qxc6
Nxc6 19.Be4 fxg2 20.Rhg1 Bxh2 21.Rxg2 Be5 22.Bxc6 Rab8 23.f4 Bxf4 24.Rd4 Rfc8
25.Rc2 Be5 26.Rdc4 g5 27.Rc5 f6 28.b3 Rd8 29.Bf3 Kg7 30.Rxa5 Rbc8 31.Ra7+ Kg6
32.Re2 Rd1# 0-1

[Event "Championnat fermé de l'Outaouais (Réserve)"]
[Site "Gatineau"]
[Date "2016.04.12"]
[Round "1"]
[White "Séguin, Hubert"]
[Black "Arcand, Pierre"]
[Result "1-0"]
[BlackElo "1114"]
[EventDate "2016.04.12"]
[WhiteElo "1555"]

1.e4 e5 2.Nf3 Nc6 3.Bb5 Nf6 4.O-O Nxe4 5.Re1 Nd6 6.Bxc6 bxc6 7.Nxe5 Be7 8.Qe2
O-O 9.Nxc6 dxc6 10.Qxe7 Qxe7 11.Rxe7 Re8 $2 12.Rxe8+ $16 Nxe8 13.d4 $6 ( 
13.d3 ) 13...Rb8 14.b3 Rb5 15.c4 Rf5 16.Nc3
{ et les Blancs doivent maintenant démontrer leur technique pour remporter
cette partie gagnante. } 16...c5 17.dxc5 Rxc5 18.Be3 Ra5 19.Rd1 Be6 20.Rd8
Kf8 21.b4 Ke7 22.Rxe8+ Kxe8 23.bxa5 a6 24.Nd5 Kd7 25.Bf4 c5 26.Nb6+ Kc6
27.Kf1 Bf5 28.Ke2 g6 29.Kd2 h5 30.Kc3 Be4 31.f3 Bb1 32.a3 Bf5 33.Be3 Be6
34.Na4 f5 35.Nxc5 Bc8 36.Nd3 Kd6 37.Nf4 g5 38.Nxh5 f4 39.Bd4 Ke6 40.Nf6 Kf5
41.Ne4 Kg6 42.c5 g4 43.c6 gxf3 44.gxf3 Be6 45.Nd6 Kh5 46.c7 Kh4 47.c8=Q Bxc8
48.Nxc8 Kh3 49.Be5 Kg2 50.Bxf4 Kxf3 51.Bc7 1-0

[Event "Championnat fermé de l'Outaouais (Réserve)"]
[Site "Gatineau"]
[Date "2016.04.12"]
[Round "1"]
[White "Légaré, Gilles"]
[Black "Berthiaume, Serge"]
[Result "0-1"]
[BlackElo "1462"]
[EventDate "2016.04.12"]
[WhiteElo "1016"]

1.e4 e6 2.c4 g6 3.d3 Bg7 4.Nc3 Nc6 5.Be3 Nd4 6.Rb1 Ne7 7.Nce2 c5 8.Nxd4 cxd4
9.Bd2 O-O 10.Nf3 Nc6 11.Be2 Ne5 12.Nxe5 Bxe5 13.O-O Qc7 14.f4 Bg7 15.Rf3 f5
16.e5 b6 17.Rg3 Bb7 18.Bb4 Rf7 19.Bd6 Qc8 20.Qb3 Bf8 21.Qb4 Bc6 22.Bh5 Rg7
23.Be2 Qb7 24.c5 bxc5 25.Bxc5 Qxb4 26.Bxb4 Bxb4 27.a3 Bd2 28.b4 Bxf4 29.Rh3
Bxe5 30.Rc1 Rb8 31.Bf3 Bxf3 32.Rxf3 Rb7 33.Rc4 Rc7 34.Rc5 Rxc5 35.bxc5 d6
36.c6 Rc7 37.h4 Rxc6 38.Kf1 Rc1+ 39.Ke2 Ra1 40.h5 Rxa3 41.hxg6 hxg6 0-1

[Event "Championnat fermé de l'Outaouais (Réserve)"]
[Site "Gatineau"]
[Date "2016.04.12"]
[Round "1"]
[White "Simard, Paul"]
[Black "Lecorre, Joël"]
[Result "0-1"]
[BlackElo "1584"]
[EventDate "2016.04.12"]
[WhiteElo "1175"]

1.f4 Nf6 2.Nf3 d5 3.e3 c5 4.b3 e6 5.Bb2 Be7 6.Be2 Nc6 7.Bb5 a6 8.Bxc6+ bxc6
9.Ne5 Qd6 10.O-O O-O 11.Nc3 Nd7 12.Ne2 ( 12.Na4 $1 ) 12...f6 13.Nxd7 Bxd7
14.Ng3 ( 14.Ba3 $5 ) 14...Rab8 15.Ba3 d4 16.Qe2 f5 17.Rf3 Bf6 18.Rb1 ( 18.e4
$1 ) 18...g6 19.Bb2 $2 ( 19.e4 ) 19...e5 20.fxe5 Bxe5 21.Kh1 Rbe8 22.Qxa6 Ra8
23.Qf1 Rxa2 $15 24.Qe2 $4
{ perd une pièce. Dommage car Paul s'en était bien tiré jusque là. }
24...Rxb2 25.Rxb2 d3 26.Qxd3 Qxd3 27.cxd3 Bxb2 28.Ne2 Ra8 29.Rf1 Ra1 30.Rxa1
Bxa1 31.Nf4 Be5 32.Nh3 Be6 33.Ng5 Bxb3 34.e4 Bf4 35.Nf3 Bc2 36.g3 fxe4
37.gxf4 exf3 38.Kg1 Bxd3 39.Kf2 Be4 40.Ke3 Kf7 41.d3 Bd5 42.h4 Kf6 0-1

[Event "Championnat fermé de l'Outaouais"]
[Site "Gatineau"]
[Date "2016.04.12"]
[Round "1"]
[White "Bourbonnais, Luc"]
[Black "Thibault, Mario"]
[Result "0-1"]
[BlackElo "1767"]
[EventDate "2016.04.12"]
[WhiteElo "1278"]

1.e4 c5 2.Nf3 g6 3.d4 cxd4 4.Nxd4 Nc6 5.Be3 Nf6 6.Nc3 Bg7 7.f3 O-O 8.Qd2 d6
9.O-O-O Bd7 10.Bh6 Nxd4 11.Bxg7 Nb3+ $2 ( 11...Nxf3 $1 ) 12.axb3 Kxg7 13.Nd5
( 13.g4 $14 ) 13...Nxd5 14.Qxd5 Kg8 $2 ( 14...Qb6 $15 ) 15.Bc4 ( 
{ Pourquoi pas } 15.Qxb7 ) 15...a6 16.b4 Rc8 17.Qd3 Qb6 18.Qd4 Qc6 19.Bb3 Be6
20.Qd3 Bxb3 21.Qxb3 Rc7 { Il faut préférer la position noire ici. } 22.Rd3
Rfc8 23.Rc3 $2 { et le pion b4 deviendra une cible de prédilection. }
23...Qb5 24.Rxc7 Rxc7 25.Kd1 Rc4 26.c3 a5 27.Rf1 $4 { perd rapidement. }
27...Rxb4 28.cxb4 Qxf1+ 29.Kd2 Qxg2+ 30.Ke3 axb4 31.Qxb4 b6 32.h4 Qg1+ 33.Ke2
Qc5 0-1

[Event "Championnat fermé de l'Outaouais (Réserve)"]
[Site "Gatineau"]
[Date "2016.04.12"]
[Round "1"]
[White "Potvin, Daniel"]
[Black "Danilov, Alex"]
[Result "0-1"]
[Annotator "Danilov,Alexander"]
[BlackElo "1763"]
[EventDate "2016.04.12"]
[SourceDate "2016.04.12"]
[WhiteElo "1538"]

1.b3
{ On s'est ennuyé de Daniel au CEH. On le reconnaît bien ici avec son
ouverture préférée. } 1...d5 2.Bb2 Nf6 3.e3 c6 4.Nf3 Bg4 5.Be2 Nbd7 6.O-O
Bxf3 7.Bxf3 e5 8.d3 Bd6 9.Nd2 e4 $6 { Cette avance est-elle prématurée? }
10.dxe4 dxe4 11.Bg4 ( { Qu'arrive-t-il sur } 11.Nxe4
{ ? Les Blancs s'en sortent bien : } 11...Nxe4 12.Bxe4 Bxh2+ 13.Kxh2 Qh4+
14.Kg1 Qxe4
{ et ici, sans doute que plusieurs bonnes possibilités s'offrent à eux. } )
11...Qc7 12.Bxd7+ Nxd7 13.g3 ( { Ou } 13.h3 ) 13...Be5 14.c3 $6 ( 14.Bxe5
Qxe5 15.Nc4 Qe6 16.Qd6 $14 ) 14...f5 $1 15.Nc4 O-O-O 16.f4 Nb6 17.Nxb6+ Qxb6
18.Qe2 Bf6 19.Rad1 h5 ( 19...Qa5 { mérite considération. } ) 20.h4 Rhe8
21.Kf2 Qa5 22.c4 Qxa2 23.Bxf6 Qxe2+ 24.Kxe2 gxf6 25.Rxd8+ Rxd8 26.Rd1 $2
{ Les Blancs s'embarquent dans une finale de pions perdante. } ( 
{ Il fallait essayer } 26.Ra1 { pour tenter d'activer sa Tour. Ex. } 26...Rd3
( 26...Kb8 27.Ra5 ) 27.Rxa7 Rxb3 28.Ra8+ Kd7 29.Rh8 ) 26...Rxd1 27.Kxd1 a5
28.Kc2 Kd7 29.c5 Ke6 30.Kc3 Kd5 31.b4 a4 0-1

[Event "Championnat fermé de l'Outaouais (Réserve)"]
[Site "Gatineau"]
[Date "2016.04.19"]
[Round "2"]
[White "Gagnon, Fabien"]
[Black "Desjardins, Michel"]
[Result "1/2-1/2"]
[BlackElo "1909"]
[EventDate "2016.04.19"]
[WhiteElo "2000"]

1.Nf3 d5 2.g3 Nf6 3.Bg2 Bg4 4.O-O c6 5.d3 Nbd7 6.Nbd2 e5 7.e4 dxe4 8.dxe4 Bc5
9.h3 Bh5 10.g4 Bg6 11.Qe2 O-O 12.Nh4 Qc7 13.Rd1 Rfd8 14.Nb3 Bb6 15.a4 Nc5
16.Nxc5 ( 16.a5 Nxb3 17.axb6 Nxc1 18.Rxd8+ Qxd8 ( 18...Rxd8 $6 19.bxc7 Nxe2+
20.Kf1 Rc8 21.Kxe2 ( 21.Rxa7 $4 Nf4 22.Rxb7 Nd7 ) 21...Rxc7 22.Rxa7 Kf8 ( 
22...Bxe4 $4 23.Ra8+ ) 23.f3 ) 19.Rxc1 Qxb6 ) 16...Bxc5 ( 16...Rxd1+ 17.Qxd1
Rd8 $4 18.Nd3 ) 17.Be3 Bxe3 18.Qxe3 Qa5 19.Nxg6 hxg6 20.Qb3 Qc7 21.Bf3 Nd7
22.Qc4 Nf8 23.b4 Ne6 24.a5 { pression de temps aux 2 joueurs } 1/2-1/2

[Event "Championnat fermé de l'Outaouais (Réserve)"]
[Site "Gatineau"]
[Date "2016.04.19"]
[Round "2"]
[White "Akrib, Fouad"]
[Black "Libersan, Mattieu"]
[Result "1-0"]
[BlackElo "2006"]
[EventDate "2016.04.19"]
[WhiteElo "1967"]

1.d4 Nf6 2.Bg5 d5 3.e3 Ne4 4.Bf4 c5 5.Bd3 Nc6 6.Bxe4 dxe4 7.d5 e5 8.Bg3 Nb4
9.Nc3 Bf5 10.a3 Na6 11.Bxe5 Bd6 12.Bxd6 Qxd6 13.Nge2 Rd8 14.Qd2 Nc7 15.Ng3
Qe5 16.Nxf5 Qxf5 17.d6 O-O 18.O-O-O Ne6 19.Nd5 Qe5 20.Ne7+ Kh8 21.Qd5 Qxd5
22.Rxd5 Rd7 23.Rhd1 g6 24.b4 cxb4 25.axb4 f5 26.c4 Ng5 27.h4 Nf7 28.c5 a6
29.h5 Kg7 30.g4 fxg4 31.Rg1 Nh6 32.hxg6 hxg6 33.Rg5 Rf6 34.Rg2 Re6 35.Nd5 Nf7
36.R5xg4 Ne5 37.Nf4 Nxg4 38.Nxe6+ Kf6 39.Rxg4 Kxe6 40.Rxe4+ Kd5 41.Re7 Kc6
42.Rxd7 Kxd7 43.Kc2 Kc6 44.Kc3 b6 45.Kc4 bxc5 46.bxc5 g5 47.e4 1-0

[Event "Championnat fermé de l'Outaouais (Réserve)"]
[Site "Gatineau"]
[Date "2016.04.19"]
[Round "2"]
[White "Rose, Richard M."]
[Black "Arsenault, Michel"]
[Result "1-0"]
[BlackElo "1851"]
[EventDate "2016.04.19"]
[WhiteElo "1931"]

1.e4 c5 2.Nf3 d6 3.d4 cxd4 4.Nxd4 Nf6 5.Bd3 Nc6 6.c3 e6 7.O-O Be7 8.Kh1 O-O
9.f4 e5 10.Nf3 exf4 11.Bxf4 d5 12.e5 Ne4 13.Nbd2 f5 14.exf6 Rxf6 15.Nd4 Rxf4
16.Rxf4 Bg5 17.Nxc6 bxc6 18.Rxe4 Bxd2 19.Qxd2 1-0

[Event "Championnat fermé de l'Outaouais (Réserve)"]
[Site "Gatineau"]
[Date "2016.04.19"]
[Round "2"]
[White "Raymond, Daniel"]
[Black "Scantland, Patrick"]
[Result "1/2-1/2"]
[BlackElo "1788"]
[EventDate "2016.04.19"]
[WhiteElo "1757"]

1.e4 c5 2.Nf3 d6 3.d4 cxd4 4.Nxd4 Nf6 5.Nc3 a6 6.Be2 e5 7.Nb3 Be7 8.O-O O-O
9.Be3 Be6 10.f4 exf4 11.Rxf4 Nbd7 12.Qd2 Rc8 13.Nd4 Bc4 14.Nf5 Ne5 15.Rd1
Bxe2 16.Qxe2 Re8 17.Nd5 Nxd5 18.Rxd5 Nc4 19.Qg4 Bf6 20.Nh6+ Kf8 21.Bd4 $2 $19
( 21.Rxf6 { est très intéressant ici. } 21...Qxf6 22.Rf5 Qe7 23.Rxf7+ Qxf7
24.Nxf7 Kxf7 25.Qd7+ Kg8 26.Bd4 Ne5 27.Qxb7
{ et les pions blancs sur l'aile-D deviendront puissants. } ) 21...Bxd4+
22.Rxd4 gxh6 23.Qh5 Ne5 24.Qxh6+ Kg8 25.Rxd6 Qe7 26.Rh4 f6 27.Rxf6 Rxc2
28.Qg5+ Qg7 29.Qxg7+ Kxg7 30.Rb6 Re7 ( 30...Rf8 31.h3 Rff2
{ gagne assez rapidement. Par exemple : } 32.Rxb7+ Kg6 33.Rb3 Rxg2+ 34.Kf1
Rcf2+ 35.Ke1 Nf3+ 36.Rxf3 Rxf3
{ Notez que le coup choisi est aussi gagnant ! } ) 31.h3 Rd7 32.Rf4 Nd3
33.Rg4+ Kf8 34.b3 Rxa2 35.Rg5 Rf7 36.Rf5 Rf2 37.Rxb7 R2xf5 38.Rb8+ Kg7
39.exf5 Rxf5 40.Rb7+ Kg6 41.Rd7 Nc5 42.Ra7 Rf6 43.b4 Nd3 44.Rb7 h5 45.Rb8 Rf5
46.Rb6+ Rf6 47.Rb8 Kf5 $2 48.b5 Nf4 49.g4+ hxg4 50.hxg4+ Kxg4 51.bxa6 Rxa6
{ D'après Tablebase, la position est maintenant nulle. Cependant, avec une
Cavalier et une Tour, dans une partie concrète, où tout est possible, il
faut que les Noirs tentent d'amener le Roi adverse dans un réseau de mat. Les Blancs se doivent donc de rester très vigilants. }
52.Kf2 Ra3 53.Rg8+ Kf5 54.Rf8+ Ke5 55.Re8+ Kd4 56.Rd8+ Nd5 57.Rh8 Re3 58.Rd8
Re5 59.Kf3 Kd3 60.Ra8 Rf5+ 61.Kg4 Ne3+ 62.Kg3 Ke4 63.Ra4+ Ke5 64.Ra5+ Nd5
65.Kg4 Rf4+ 66.Kg3 Rd4 67.Ra8 1/2-1/2

[Event "Championnat fermé de l'Outaouais (Réserve)"]
[Site "Gatineau"]
[Date "2016.04.19"]
[Round "2"]
[White "Clermont, Yves"]
[Black "Bourbonnais, Luc"]
[Result "1-0"]
[BlackElo "1278"]
[EventDate "2016.04.19"]
[WhiteElo "1179"]

1.d4 Nf6 2.c4 g6 3.Nf3 Bg7 4.Bg5 O-O 5.e3 c5 6.Nc3 cxd4 7.exd4 d6 8.Bd3 Bg4
9.Qd2 Nbd7 10.Bh6 Bh8 11.Bxf8 Qxf8 12.Ng5 Nb6 13.O-O h6 14.Nge4 g5 15.f3 Bh5
16.f4 gxf4 17.Qxf4 Nbd7 18.Ne2 e5 19.Qf5 Bg4 20.Nxf6+ Nxf6 21.Qf2 Qg7 22.Rac1
b6 23.c5 bxc5 24.dxc5 e4 25.Bc4 d5 26.Bb3 a5 27.Nd4 a4 28.Bc2 Bh3 29.Nf5 Bxf5
30.Qxf5 Re8 31.Bxa4 Rd8 32.c6 Ng4 33.c7 Rf8 34.c8=Q Ne3 35.Qxf8+ Kxf8 36.Qc8+
Ke7 37.Rc7+ Kd6 38.Qd7+ Ke5 39.Qe8+ Kd4 40.Rf2 1-0

[Event "Championnat fermé de l'Outaouais"]
[Site "Gatineau"]
[Date "2016.04.19"]
[Round "2"]
[White "Lecorre, Joël"]
[Black "Jobing, Gilles G."]
[Result "1/2-1/2"]
[BlackElo "1773"]
[EventDate "2016.04.19"]
[WhiteElo "1584"]

1.e4 d6 2.d4 Nf6 3.Nc3 Nbd7 4.Nf3 e5 5.dxe5 dxe5 6.Be2 Bb4 7.Bd2 Qe7 8.Bd3
Nc5 9.Qe2 Bg4 10.a3 Nxd3+ 11.Qxd3 Bd6 12.h3 Bd7 13.Nb5 Bxb5 14.Qxb5+ c6
15.Qc4 O-O 16.O-O Rfd8 17.Rad1 Qc7 18.Bc3 Rd7 19.Rd2 b5 20.Qe2 a5 21.Rfd1 b4
22.Rxd6 Rxd6 23.Bxe5 Rxd1+ 24.Qxd1 Qe7 25.axb4 axb4 26.Qd4 Rd8 27.Bxf6 gxf6
28.Qe3 Rd1+ 29.Kh2 f5 30.e5 f6 31.Qb3+ Kh8 32.c3 Rd8 33.exf6 Qxf6 34.Qxb4
Qd6+ 35.Qxd6 Rxd6 36.Nd4 f4 37.b4 Kg8 38.g3 fxg3+ 39.fxg3 Kf7 40.g4 Kf6
41.Kg3 Ke5 42.Kf3 Rh6 43.Kg3 Ke4 44.Nf5 Rf6 45.h4 Kd3 46.Kf4 Re6 47.g5 Kxc3
48.h5 Kd3 49.Ng7 Re4+ 50.Kf5 Rxb4 51.g6 hxg6+ 52.hxg6 c5 53.Ne6 c4 54.Nf4+
Kd2 55.g7 Rb8 56.Nd5 c3 57.Nxc3 Kxc3 1/2-1/2

[Event "Championnat fermé de l'Outaouais"]
[Site "Gatineau"]
[Date "2016.04.19"]
[Round "2"]
[White "Danilov, Alex"]
[Black "Berthiaume, Serge"]
[Result "1-0"]
[BlackElo "1462"]
[EventDate "2016.04.19"]
[WhiteElo "1763"]

1.Nf3 c5 2.c4 Nc6 3.Nc3 g6 4.e3 Bg7 5.b3 Nf6 6.Bb2 Ne4 7.Qc2 Nxc3 8.dxc3 d6
9.Be2 Bd7 10.h4 Qc7 11.a3 a5 12.h5 e5 13.hxg6 fxg6 14.Rxh7 Bf5 15.Rxh8+ Bxh8
16.Bd3 Qh7 17.Bxf5 gxf5 18.O-O-O e4 19.Ng5 Qg6 20.Nh3 Be5 21.Nf4 Bxf4 22.exf4
Qh6 23.Qd2 O-O-O 24.b4 b6 25.Kb1 Qe6 26.Qd5 Qd7 27.Bc1 Kc7 28.Be3 Ne7 29.Qd2
Qa4 30.Kb2 Qd7 31.Rh1 Qe6 32.Rh7 Rd7 33.Qe2 Ng8 34.Rxd7+ Kxd7 35.Bd2 Ne7
36.f3 d5 $2 { Dommage. Avant ce coup, la position était égale. } 37.cxd5 Qxd5
38.fxe4 Qxe4 39.Qxe4 fxe4 40.c4 Nf5
{ et il m'est impossible de reconstituer le reste de la partie. } 1-0

[Event "Championnat fermé de l'Outaouais"]
[Site "Gatineau"]
[Date "2016.04.19"]
[Round "2"]
[White "Thibault, Mario"]
[Black "Séguin, Hubert"]
[Result "1-0"]
[BlackElo "1555"]
[EventDate "2016.04.19"]
[WhiteElo "1767"]

1.e4 c5 2.Nc3 d6 3.f4 g6 4.Nf3 Bg7 5.Bb5+ Bd7 6.Bc4 e6 7.d3 Ne7 8.O-O a6
9.Qe1 b5 10.Bb3 Nbc6 11.Kh1 Na5 12.f5 Nxb3 13.axb3 exf5 14.exf5 O-O 15.fxg6
fxg6 16.Bg5 Bf6 17.Bxf6 Rxf6 18.Ne4 Re6 19.Nfg5 Re5 20.Nf7 Qc7 21.Nxe5 dxe5
22.Nf6+ Kg7 23.Nxd7 Qxd7 24.Qxe5+ Kg8 25.Rae1 Nf5 26.Qe6+ Qxe6 27.Rxe6 Nd4
28.Re5 Nxc2 29.Rxc5 Nd4 30.Rc7 Re8 31.h3 Nf5 32.Rfc1 Re2 33.Ra7 Ne7 34.Rcc7
Kf7 35.d4 Kf6 36.Rxa6+ Kf5 37.Rc5+ Kf4 38.Re5 Rxb2 39.Rxe7 Kg3 40.Re3+ Kf2
41.Rf3+ 1-0

[Event "Championnat fermé de l'Outaouais"]
[Site "Gatineau"]
[Date "2016.04.19"]
[Round "2"]
[White "Éthier, Valori"]
[Black "Légaré, Gilles"]
[Result "1-0"]
[BlackElo "1016"]
[EventDate "2016.04.19"]
[WhiteElo "1363"]

1.e4 c5 2.Nc3 e6 3.Nge2 Nc6 4.g3 e5 5.d3 d6 6.Bg2 Nf6 7.Bg5 Be6 8.O-O Be7
9.Kh1 h6 10.Bd2 Qc8 11.f4 Bh3 12.f5 Bxg2+ 13.Kxg2 a6 14.Na4 Bd8 15.c4 O-O
16.a3 Bc7 17.h3 Qd8 18.Qe1 Rb8 19.Nac3 Ne7 20.Rf3 Nh7 21.g4 f6 22.Rg3 Qe8
23.Qf2 g5 24.fxg6 Qxg6 25.Rf1 Kh8 26.Qe3 Qg5 27.b3 Qxe3 28.Bxe3 Ng8 29.Nd5
Bd8 30.Rf5 Ne7 31.Nxe7 Bxe7 32.Bxh6 Rg8 33.Rgf3 Rg6 34.Be3 b5 35.Nc3 bxc4
36.bxc4 Rb3 37.Nd5 Bd8 38.Bc1 Rb1 39.Rf1 a5 40.Kg3 Rb3 41.R5f3 Nf8 42.Nxf6
Bxf6 43.Rxf6 Rxd3+ 44.R6f3 Rxf3+ 45.Rxf3 Ne6 46.a4 Kg7 47.Bd2 Nd4 48.Rf2 Nb3
49.Bc3 Kh6 50.h4 Re6 51.g5+ Kg6 52.Kg4 Kg7 53.Rb2 Re7 54.Rxb3 Rf7 55.Bd2 Rf2
56.Rd3 Rg2+ 57.Kf5 Rf2+ 58.Ke6 Re2 59.Be3 Kg6 60.Kxd6 Rb2 61.Kxe5 Rb4 62.Rd6+
Kh5 63.Bxc5 Rxc4 64.Kd5 Rxa4 65.Rh6+ Kg4 66.g6 Kf4 67.Bd6+ Ke3 68.g7 Rd4+
69.Kc6 Rc4+ 70.Kd7 1-0

[Event "Championnat fermé de l'Outaouais"]
[Site "Gatineau"]
[Date "2016.04.26"]
[Round "3"]
[White "Gagnon, Fabien"]
[Black "Arsenault, Michel"]
[Result "1/2-1/2"]
[BlackElo "1851"]
[EventDate "2016.04.26"]
[WhiteElo "2000"]

1.c4 Nf6 2.g3 c6 3.b3 d5 4.Bb2 Qb6 5.d3 Ng4 6.e3 e5 7.Nf3 ( 7.h3 Bb4+ 8.Bc3
( 8.Nd2 Nxe3 9.fxe3 Qxe3+ 10.Be2 Qxg3+ 11.Kf1 Be6 ) 8...Nf6 ) 7...f6 8.h3 Nh6
9.Bg2 Bb4+ 10.Nbd2 Be6 11.g4 Nd7 12.O-O Nf7 13.a3 Be7 14.Rb1 O-O 15.d4 e4
16.c5 Qc7 17.Nh2 g6 ( 17...f5 18.f4 exf3 19.Ndxf3 fxg4 20.Nxg4 Nf6 21.Nxf6+
Bxf6 22.Qe1 ) 18.f4 f5 19.Qe1 b5 20.g5 h6 21.h4 Kh7 ( 21...hxg5 22.hxg5 Kg7
23.Rf2 ( 23.Nxe4 fxe4 24.Bxe4 Rh8 ( 24...dxe4 $2 25.d5+ Kg8 26.dxe6 Nxc5
27.exf7+ Kxf7 ) ) 23...Rh8 24.Ndf1 a5 ) 22.Qe2 h5 23.Rfc1 a5 24.Nhf1 Nd8
25.Ng3 Bf7 26.Kh1 Ne6 27.Qf2 1/2-1/2

[Event "Championnat fermé de l'Outaouais"]
[Site "Gatineau"]
[Date "2016.04.26"]
[Round "3"]
[White "Libersan, Mattieu"]
[Black "Raymond, Daniel"]
[Result "1-0"]
[BlackElo "1757"]
[EventDate "2016.04.26"]
[WhiteElo "2006"]

1.e4 c5 2.Nf3 d6 3.d4 cxd4 4.Nxd4 Nf6 5.Nc3 g6 6.f4 Bg7 ( 6...Nc6 7.Nxc6 bxc6
8.e5 Nd7 9.exd6 exd6 10.Be3 Be7 11.Qd2 O-O 12.O-O-O d5 ) 7.e5 dxe5 8.fxe5 Ng4
9.Bb5+ Kf8 $4 ( 9...Nc6 10.Nxc6 Qxd1+ 11.Nxd1 a6 12.Ba4 Bd7 13.h3 Nh6 14.Nxe7
Bxa4 15.Nd5 O-O 16.Nb6 Bxc2 17.Nxa8 Rxa8 18.O-O Nf5 19.Bf4 ) 10.Ne6+ 1-0

[Event "Championnat fermé de l'Outaouais"]
[Site "Gatineau"]
[Date "2016.04.26"]
[Round "3"]
[White "Scantland, Patrick"]
[Black "Rose, Richard M."]
[Result "0-1"]
[BlackElo "1931"]
[EventDate "2016.04.26"]
[WhiteElo "1788"]

1.d4 Nf6 2.c4 e6 3.Nc3 d5 4.cxd5 exd5 5.Bg5 Bb4 6.e3 Qd6 7.Bd3 Ne4 8.Ne2 $4
Nxg5 9.O-O Bxc3 10.Nxc3 c6 11.Rc1 Nd7 12.Qh5 h6 13.f4 Nf6 14.Qh4 Nge4 15.Rf3
Bf5 16.a3 Nxc3 17.Rxc3 Ne4 18.Bxe4 Bxe4 19.Rg3 Qf6 20.Qg4 g6 21.b4 h5 22.Qe2
Qe6 23.b5 Rc8 24.Rg5 f6 25.Rg3 h4 26.Rh3 Bf5 0-1